Normal view MARC view
  • Althusser, Louis,

Entry Nombre Personal

Number of records used in: 26

001 - NUMERO DE CONTROL

  • campo de control: 28535

003 - IDENTIFICADOR DE NUMERO DE CONTROL

  • campo de control: DLC

005 - FECHA Y HORA DE LA ÜLTIMA TRANSACCIÓN

  • campo de control: 20220810125406.0

008 - DATOS DE LONGITUD FIJA

  • campo de control de longitud fija: 790411n| azannaabn |a aaa

010 ## - NÚMERO DE CONTROL DE LA BIBLIOTECA DEL CONGRESO

  • Número de control LC: n 79021234

035 ## - NUMERO DE CONTROL

  • Número de control: (OCoLC)oca00255033

040 ## - FUENTE DE CATALOGACIÓN

  • Agencia original de catalogación: DLC
  • Lenguaje de catalogación: spa
  • Description conventions: rda
  • Agencia de transcripción: DLC
  • Agencia que lo modifica: DLC
  • Agencia que lo modifica: InU
  • Agencia que lo modifica: DLC
  • Agencia que lo modifica: NIC
  • Agencia que lo modifica: IEN
  • Agencia que lo modifica: MX-MxUPN

046 ## - FECHAS CON CODIFICACIÓN ESPECIAL

  • Fecha de nacimiento: 1918-10-16
  • Fecha de muerte: 1990-10-22
  • Fuente del formato de fecha: edtf

100 1# - ENCABEZAMIENTO - NOMBRE PERSONAL

  • Nombre personal: Althusser, Louis,
  • Fechas asociadas con el nombre: 1918-1990

370 ## - LUGAR ASOCIADO

  • Place of birth: Birmendreïs (Algeria)

370 ## - LUGAR ASOCIADO

  • Place of death: Paris (Francia)
  • Associated country: Francia
  • Associated country: Algeria
  • Fuente del término: naf

372 ## - CAMPO DE ACTIVIDAD

  • Field of activity: Filosofía, Marxista
  • Fuente del término: lcsh

373 ## - GRUPO ASOCIADO

  • Associated group: Partido Comunista Francés
  • Fuente del término: naf
  • Start period: 1948

374 ## - OCUPACIÓN

  • Occupation: Filósofo
  • Fuente del término: lcsh

375 ## - GÉNERO

  • Gender: masculino

400 1# - VEÁSE - NOMBRE DE PERSONA

  • Personal name: Altiser, Luj,
  • Dates associated with a name: 1918-1990

400 0# - VEÁSE - NOMBRE DE PERSONA

  • Personal name: A'erdusai,
  • Dates associated with a name: 1918-1990

400 1# - VEÁSE - NOMBRE DE PERSONA

  • Personal name: Altouser, Loui,
  • Dates associated with a name: 1918-1990

400 1# - VEÁSE - NOMBRE DE PERSONA

  • Personal name: Al'ti︠u︡sser, Lyu,
  • Dates associated with a name: 1918-1990

400 0# - VEÁSE - NOMBRE DE PERSONA

  • Personal name: Atuse,
  • Dates associated with a name: 1918-1990

400 1# - VEÁSE - NOMBRE DE PERSONA

  • Personal name: Atuse, Luyi,
  • Dates associated with a name: 1918-1990

670 ## - FUENTE EN LA QUE SE LOCALIZARON DATOS

  • Cita de la fuente: Montesquieu, 1959

670 ## - FUENTE EN LA QUE SE LOCALIZARON DATOS

  • Cita de la fuente: A'erdusai ..., 1986

670 ## - FUENTE EN LA QUE SE LOCALIZARON DATOS

  • Cita de la fuente: Gia tēn epistēmē ... 1990:
  • Información localizada: (Altouser) cubierta (Loui Altouser)

670 ## - FUENTE EN LA QUE SE LOCALIZARON DATOS

  • Cita de la fuente: Ecrits pour Althusser, 1991:
  • Información localizada: página 4 de la cubierta (Louis Althusser, d. 22 Oct. 1990)

670 ## - FUENTE EN LA QUE SE LOCALIZARON DATOS

  • Cita de la fuente: Lenin i filosofii︠a︡, 2005:
  • Información localizada: portada (Lyu Alʹti︠u︡sser)

670 ## - FUENTE EN LA QUE SE LOCALIZARON DATOS

  • Cita de la fuente: Atuse, 1999:
  • Información localizada: portada (Atuse) página 1, last group (Luyi Atuse; L. Althusser, 1918-1990; French philosopher)

670 ## - FUENTE EN LA QUE SE LOCALIZARON DATOS

  • Cita de la fuente: Wikipedia, July 25, 2017:
  • Información localizada: (Louis Althusser; French Marxist philosopher; born in Birmendreïs, French Algeria, 16 October 1918; childhood in Marseille; spent World War II in a German prisoner of war camp; died in Paris; member of the French Communist Party since 1948; suffered from mental illness, strangled his wife, sociologist Hélène Rytmann, in 1980, committed to psychiatric hospital for 3 years)

902 ## - CATALOGADOR

  • Catalogador: NDAF/100822